Pflanzennamen zu deutschen Trivialnamen - Statistiken

Allgemein
  • Dieses Quiz wurde 28 mal gespielt
  • Das Durchschnittsergebnis liegt bei 7 aus 20
Antwortstatistiken
Trivielname wissenschaftlicher Name % Korrekt
Gänseblümchen Bellis perennis
100%
Aufrechte Trespe Bromus erectus
100%
Hänge-Segge Carex pendula
100%
Breitblättriges Wollkraut Eriophorum latifolium
100%
Verschiedenfarbige Iris Iris versicolor
100%
Glieder-Binse Juncus atriculatus
100%
Gemeiner Goldregen Laburnum anagyroides
100%
Einjähriges Silberblatt Lunaria annua
100%
Wald-Hainsimse Luzula sylvatica
100%
Kuckucks-Lichtnelke Lychnis flos-cuculi
100%
Kultur-Apfel Malus domestica
100%
Erbse Pisum sativum
100%
Breitwegerich Plantago major
100%
Kultur-Pflaume Prunus domestica
100%
Hunds-Rose Rosa canina
100%
Silber-Weide Salix alba
100%
Wiesen-Salbei Salvia pratensis
100%
Japanischer Spierstrauch Spiraea japonica
100%
Gewöhnlicher Löwenzahn Taraxacum officinale
100%
Echter Baldrian Valeriana officinalis
100%
Europäische Lärche Larix decidua
75%
Kriechender Hahnenfuß Ranunculus repens
75%
Waldmeister Galium odoratum
67%
Flatter-Binse Juncus effusus
67%
Kartoffel Solanum tuberosum
67%
Große Brennnessel Urtica dioica
67%
Vogel-Wicke Vicia cracca
67%
Gefleckter Aronstab Arum maculatum
50%
Roter Fingerhut Digitalis purpurea
50%
Zitronengeranie Geranium citronellum
50%
Sonnenblume Helianthus annuus
50%
Riesen-Bärenklau Heracleum mantegazzianum
50%
Echtes Johanniskraut Hypericum perforatum
50%
Weiße Taubnessel Lamium album
50%
Echtes Leinkraut Linaria vulgaris
50%
Wald-Kiefer Pinus sylvestris
50%
Spitzwegerich Plantago lanceolata
50%
Gold-Fingerkraut Potentilla aurea
50%
Kultur-Birne Pyrus communis
50%
Schwarzer Holunder Sambucus nigra
50%
Bittersüßer Nachtschatten Solanum dulcamara
50%
Wiesen-Klee Trifolium pratense
50%
Schmetterlingsflieder Buddleja davidii
40%
Vielblättrige Lupine Lupinus polyphyllus
40%
Blauer Eisenhut Aconitum napellus
33%
Arznei-Engelwurz Angelica archangelica
33%
Sellerie Apium graveolens
33%
Raps Brassica napus
33%
Wild-Möhre Daucus carota
33%
Gemeiner Augentrost Euphrasia officinalis
33%
Echte Walnuss Juglans regia
33%
Kleine Sommerwurz Orobanche minor
33%
Dill Anethum graveolens
25%
Wasserschierling Cicuta virosa
25%
Schlafmohn Papaver somniferum
25%
Schwarze Königskerze Verbascum nigrum
25%
Sommer-Wicke Vicia sativa
25%
Gemeine Schafgarbe Achillea millefolium
0%
Giersch Aegopodium podograria
0%
Hundspetersilie Aethusa cynapium
0%
Spitzlappiger Frauenmantel Alchemilla vulgaris
0%
Küchen-Zwieben Allium cepa
0%
Busch-Windröschen Anemone nemerosa
0%
Wald-Engelwurz Angelica sylvestris
0%
Kriechender Sellerie Apium repens
0%
Arnika Arnica montana
0%
Wermut Artemisia absinthium
0%
Estragon Artemisia dracunculus
0%
Beifuß Artemisia vulgaris
0%
Berg-Aster Aster amellus
0%
Tollkirsche Atropa belladonna
0%
Borretsch Borago officinalis
0%
Ringelblume Calendula officinalis
0%
Echter Kümmel Carum carvi
0%
Endivien-Salat Cichorium endivia
0%
Arabica-Kaffee Coffea arabica
0%
Gefleckter Schierling Conium maculatum
0%
Feld-Rittersporn Consolida regalis
0%
Koriander Coreandrum sativum
0%
Gurke Cucumis sativus
0%
Quitte Cydonie oblonga
0%
Artischocke Cynara scolymus
0%
Stein-Nelke Dianthis sylvestris
0%
Tränendes Herz Dicentra spectabilis
0%
Gewöhnlicher Reiherschnabel Erodium cicutarium
0%
Fenchel Foeniculum vulgare
0%
Gewöhnlicher Erdrauch Fumaria officinalis
0%
Kleines Schneeglöckchen Galanthus nivalis
0%
Stinkender Storchschnabel Geranium robertianum
0%
Gemeiner Efeu Hedera helix
0%
Immergrüne Schleifenblume Iberis sempervirens
0%
Zarte Binse Juncus tenuis
0%
Kopfsalat Lactuca sativa
0%
Liebstöckel Levisticum officinale
0%
Weiße Lupine Lupinus albus
0%
Obstbanane Musa paradisica
0%
Acker-Vergissmeinnicht Myosotis arvensis
0%
Gelbe Narzisse Narcissus pseudonarcissus
0%
Klatschmohn Papaver rhoeas
0%
Vierblättrige Einbeere Paris quadrifolia
0%
Pastinake Pastinaca sativa
0%
Petersilie Petroselinum crispum
0%
Ania Pimpinella anisum
0%
Gletscher-Hahnenfuß Ranunculus glacialis
0%
Kleiner Klappertopf Rhinanthus minor
0%
Färberkrapp Rubia tinctorum
0%
Himbeere Rubus idaeus
0%
Besenginster Sarothamnus scoparius
0%
Weiße Lichtnelke Silene latifolia
0%
Weißer Senf Sinapsis alba
0%
Knotige Braunwurz Srophularia nodos
0%
Eibe Taxus baccata
0%
Echter Thymian Thymus vulgaris
0%
Rasen-Binse Trichophorum cespitosum
0%
Acker-Bohne Vicia faba
0%
Weinrebe Vitis vinifera
0%
Keine übereinstimmenden Quizze gefunden
Verteilung der Resultate
Anzahl Personen mit jedem Resultat
Perzentil nach korrekt beantworteten Fragen
Ihre Resultats-Entwicklung
Sie haben dieses Quiz noch nicht gespielt